Vista normal
Vista MARC
Entrada Meeting Name
Número de registros utilizados en: 1
001 - CONTROL NUMBER
- control field: 39715
003 - CONTROL NUMBER IDENTIFIER
- control field: OSt
005 - DATE AND TIME OF LATEST TRANSACTION
- control field: 20210826102141.0
008 - FIXED-LENGTH DATA ELEMENTS
- fixed length control field: 210826|| aca||aabn | a|a d
040 ## - CATALOGING SOURCE
- Original cataloging agency: OSt
- Transcribing agency: OSt
111 ## - HEADING--MEETING NAME
- Meeting name or jurisdiction name as entry element: Encuentro de Comisionistas
- Number of part/section/meeting: (5° :
- Date of meeting or treaty signing: 1990 :
- Location of meeting: Santa Marta)
670 ## - SOURCE DATA FOUND
- Source citation: Work cat.: (OSt)8072: 16256, V Encuentro de comisionistas / , 1990